000 00618nam a2200193Ia 4500
003 GCL
008 140319s9999 xx 000 0 ara d
040 _aGCL /
_cGCL
082 0 4 _a110
_bع ن
100 1 _aعلى بوملحم
245 1 0 _aنحو رؤية جديدة فى ماوراء الطبيعة /
_cعلى بوملحم
260 _a[S.N] :
_bدار العلوم العربية ،
_c1991
300 _a192 ص
490 _aفى الفلسفة العامة
_v0
650 0 4 _aالفلسفة
650 0 4 _aفلسفة العصور الوسطى
650 0 4 _aفى ماوراء الطبيعة
942 _2ddc
_cBK
999 _c35770
_d35770